000 00514nam a22001577a 4500
999 _c127679
_d127679
005 20220811094151.0
008 220811b ||||| |||| 00| 0 eng d
020 _a9690008323
040 _cPK-LaUMT
082 _aAPC 297.4
_bJAM-D
100 _aJamila Hashmi = جمیلہ ہاشمی
245 _aDasht i soos = دشت سوس (حسین بن منصور حلاج ۔ ایک غنائیہ) /
_cby Jamila Hashmi = جمیلہ ہاشمی
260 _aLahore :
_bFerozsons,
_c1988
300 _a494 p.
942 _cBK